000 00793nam a22002412 4500
001 0000003885
005 20151217145742.0
008 070516s xx 000 0 eng d
020 _a007290500X :
_cKES 600 (donation)
040 _aKABU
_cKABU
050 0 _aQD33
_b.C43 2000
100 1 _aChang, Raymond.
_@0000030397
245 1 0 _aEssential chemistry :
_ba core text for general chemistry /
_cRaymond Chang.
250 _a2nd ed.
260 _aBoston :
_bMcGraw-Hill,
_cc2000.
300 _axxiv, 775 p. :
_bill. ;
_c26 cm +
_ecomputer laser optical disc (4 3/4 in.)
500 _aIncludes index.
650 0 _aChemistry.
_@0000148202
908 _a070516
950 _@1
999 _c2275
_d2275